000 00621nam a22002171 4500
001 141924
003 ES-MaACL
005 20230906200412.0
007 t|
008 071001s1973 sp ||||0| spa d
016 7 _zIND2000946230
020 _a84-7193-016-1
040 _aM-BN
_bspa
_cCDM
080 _a616-006-053.2
100 1 _aWilliams, I. G.
_9116929
245 1 0 _aTumores en el niño /
_cI. G. Williams ; [versión A. Garrido Juan].
260 _aBarcelona :
_bJims,
_c[1973]
300 _aVIII, 223 p. :
_bil. ;
_c25 cm.
650 1 4 _aTumores en niños.
_917661
852 _aES-MaACL
_jC-54710
_bR.87437
999 _c141924
_d141924